[Event "Tradewise Gibraltar 2012 - Challenger B"]
[Site "Gibraltar ENG"]
[Date "2012.01.29"]
[Round "2.12"]
[White "Nwachukwu, Chino"]
[Black "Daoudi, Kamal"]
[Result "1/2-1/2"]
[WhiteElo "1926"]
[BlackElo "2165"]
[PlyCount "122"]
[EventDate "2012.01.28"]
[EventType "swiss"]
[EventRounds "5"]
[EventCountry "ENG"]
[Source "lmi"]
[SourceDate "2012.01.28"]

1. e4 c5 2. Nf3 Nc6 3. d4 cxd4 4. Nxd4 e5 5. Nxc6 bxc6 6. Bc4 Qh4 7. Qe2 Nf6 8.
Nd2 Bc5 9. O-O O-O 10. Nf3 Qh5 11. Be3 Bxe3 12. Qxe3 d5 13. exd5 cxd5 14. Be2
e4 15. Nd4 Qe5 16. c3 Bd7 17. Qg3 Qxg3 18. hxg3 Rab8 19. b3 a5 20. c4 Rfd8 21.
c5 Rdc8 22. Rfc1 Rb4 23. Nc2 Rbb8 24. Nd4 Be8 25. Rc3 Nd7 26. Rac1 Ne5 27. Nf5
Rc7 28. Rd1 Rd8 29. Nd4 Nc6 30. Nb5 d4 31. Rc4 Re7 32. Nd6 Bd7 33. a3 Be6 34.
Rcxd4 Nxd4 35. Rxd4 Bxb3 36. Bb5 Rc7 37. c6 Bc2 38. a4 Kf8 39. Kf1 g6 40. Nf5
Rxd4 41. Nxd4 Bd3+ 42. Ke1 Bb1 43. Nb3 Ke7 44. Nxa5 Kd6 45. Kd2 Ba2 46. Ke3 Kd5
47. g4 f5 48. gxf5 gxf5 49. Kf4 Bb1 50. Nb3 Bc2 51. Nd2 Rg7 52. g3 Ra7 53. Nf1
Bxa4 54. c7 Rxc7 55. Bxa4 Ke6 56. Bb3+ Kf6 57. Ne3 Rb7 58. Bc4 Rb2 59. Nd5+ Kg6
60. Ne7+ Kf6 61. Nd5+ Kg6 1/2-1/2

[Event "Tradewise Gibraltar 2012 - Challenger B"]
[Site "Gibraltar ENG"]
[Date "2012.01.29"]
[Round "2.13"]
[White "Rodriguez Boado, Martin"]
[Black "Gautier, Joel"]
[Result "1-0"]
[WhiteElo "2164"]
[BlackElo "1930"]
[PlyCount "105"]
[EventDate "2012.01.28"]
[EventType "swiss"]
[EventRounds "5"]
[EventCountry "ENG"]
[Source "lmi"]
[SourceDate "2012.01.28"]

1. e4 c5 2. c4 e6 3. Nc3 Qc7 4. Nf3 d6 5. d4 cxd4 6. Nxd4 a6 7. Be2 Nf6 8. O-O
Be7 9. Be3 Nbd7 10. Rc1 O-O 11. b4 b6 12. f3 Bb7 13. Nb3 Rac8 14. Qe1 Qb8 15.
Qf2 d5 16. exd5 exd5 17. c5 Rfe8 18. Rfd1 Bf8 19. Bd4 Qf4 20. Na4 Bc6 21. Nxb6
Nxb6 22. cxb6 Ba4 23. Rxc8 Rxc8 24. Bxa6 Bxb3 25. axb3 Rc1 26. Rxc1 Qxc1+ 27.
Qf1 Qc2 28. Qe1 Qxb3 29. Bxf6 gxf6 30. b7 Bd6 31. b8=Q+ Bxb8 32. Qe8+ Kg7 33.
Qxb8 Qe3+ 34. Kf1 Qc1+ 35. Kf2 Qd2+ 36. Be2 Qd4+ 37. Kg3 h5 38. h4 Qe3 39. Ba6
Qe1+ 40. Kh3 d4 41. Qd6 Qh1+ 42. Qh2 Qa1 43. Qg3+ Kf8 44. b5 Qh1+ 45. Qh2 Qe1
46. Qd6+ Kg8 47. Qxd4 Qh1+ 48. Kg3 Qe1+ 49. Qf2 Qe5+ 50. f4 Qe6 51. f5 Qd6+ 52.
Qf4 Qa3+ 53. Kh2 1-0

[Event "Tradewise Gibraltar 2012 - Challenger B"]
[Site "Gibraltar ENG"]
[Date "2012.01.29"]
[Round "2.14"]
[White "Annetts, Ivor S"]
[Black "Vinas Guerrero, Carlos A"]
[Result "0-1"]
[WhiteElo "1895"]
[BlackElo "2160"]
[PlyCount "46"]
[EventDate "2012.01.28"]
[EventType "swiss"]
[EventRounds "5"]
[EventCountry "ENG"]
[Source "lmi"]
[SourceDate "2012.01.28"]

1. e4 e5 2. Nf3 Nc6 3. Bb5 Nf6 4. O-O Nxe4 5. d4 Be7 6. dxe5 O-O 7. Nbd2 Nc5 8.
Re1 a6 9. Bxc6 dxc6 10. h3 Bf5 11. b3 Qd7 12. Bb2 Rad8 13. Rc1 Ne6 14. Kh2 Nf4
15. e6 Bxe6 16. Ne4 Bxh3 17. Qxd7 Bxd7 18. Rh1 f5 19. Ned2 Bd6 20. g3 Ne2 21.
Rcd1 Rde8 22. Kg2 f4 23. Kf1 fxg3 0-1

[Event "Tradewise Gibraltar 2012 - Challenger B"]
[Site "Gibraltar ENG"]
[Date "2012.01.29"]
[Round "2.15"]
[White "Jaunooby, Ali R"]
[Black "Knudsen, Jes West"]
[Result "1-0"]
[WhiteElo "2146"]
[BlackElo "1892"]
[PlyCount "53"]
[EventDate "2012.01.28"]
[EventType "swiss"]
[EventRounds "5"]
[EventCountry "ENG"]
[Source "lmi"]
[SourceDate "2012.01.28"]

1. d4 f5 2. g4 Nf6 3. g5 Ne4 4. f3 Nd6 5. Nc3 e6 6. e4 Be7 7. e5 Bxg5 8. exd6
Bh4+ 9. Ke2 cxd6 10. Bf4 Qb6 11. Qd3 Nc6 12. Nb5 O-O 13. Bxd6 Nxd4+ 14. Qxd4
Qxb5+ 15. Kd2 Bg5+ 16. f4 Qc6 17. fxg5 Qxh1 18. Be2 Qg2 19. Nf3 Re8 20. Rg1 Qh3
21. Rg3 Qh5 22. h4 Rd8 23. Ne5 Qe8 24. h5 b6 25. h6 Bb7 26. g6 gxh6 27. Nf7 1-0

[Event "Tradewise Gibraltar 2012 - Challenger B"]
[Site "Gibraltar ENG"]
[Date "2012.01.29"]
[Round "2.16"]
[White "Allor, Chukwuka"]
[Black "Perez Garcia, Alejandro"]
[Result "1-0"]
[WhiteElo "2145"]
[BlackElo "1845"]
[PlyCount "99"]
[EventDate "2012.01.28"]
[EventType "swiss"]
[EventRounds "5"]
[EventCountry "ENG"]
[Source "lmi"]
[SourceDate "2012.01.28"]

1. Nf3 Nf6 2. g3 g6 3. Bg2 Bg7 4. c4 O-O 5. Nc3 d6 6. d3 c6 7. O-O Qa5 8. h3
Nbd7 9. Bd2 Rb8 10. b4 Qd8 11. Rb1 c5 12. a3 a6 13. Qc1 e5 14. Bg5 b6 15. Nd5
Bb7 16. Nd2 Bxd5 17. cxd5 h6 18. Be3 Qc7 19. b5 a5 20. Nc4 Kh7 21. Bd2 Ne8 22.
g4 f5 23. gxf5 gxf5 24. e4 f4 25. Bf3 Qd8 26. Kh2 Qh4 27. Qe1 Ndf6 28. Qe2 h5
29. Rg1 Bh6 30. Rg2 Rg8 31. Rbg1 Rxg2+ 32. Rxg2 Bf8 33. Qf1 a4 34. Bd1 Be7 35.
f3 Nd7 36. Bxa4 Nc7 37. Qb1 Ra8 38. Be1 Qf6 39. Bd1 Qf7 40. a4 h4 41. a5 bxa5
42. b6 Rb8 43. b7 Na6 44. Qb5 Nb4 45. Bxb4 axb4 46. Qxd7 Rg8 47. Rxg8 Qxg8 48.
Qxe7+ Kh6 49. Qe6+ Qxe6 50. dxe6 1-0

[Event "Tradewise Gibraltar 2012 - Challenger B"]
[Site "Gibraltar ENG"]
[Date "2012.01.29"]
[Round "2.17"]
[White "Andersen, Daniel"]
[Black "Hagen, Anders Gjerdrum"]
[Result "0-1"]
[WhiteElo "1884"]
[BlackElo "2139"]
[PlyCount "82"]
[EventDate "2012.01.28"]
[EventType "swiss"]
[EventRounds "5"]
[EventCountry "ENG"]
[Source "lmi"]
[SourceDate "2012.01.28"]

1. c4 c6 2. d4 d5 3. Nf3 Nf6 4. Qc2 dxc4 5. Qxc4 Bf5 6. Qb3 Qb6 7. Qxb6 axb6 8.
Nc3 Na6 9. Nh4 Nb4 10. Nxf5 Nc2+ 11. Kd2 Nxa1 12. e4 e6 13. Ng3 b5 14. Nxb5
Bb4+ 15. Nc3 Rxa2 16. Kd3 Ra5 17. f3 Nb3 18. Be3 Ra1 19. Kc4 Bxc3 20. bxc3 Na5+
21. Kd3 b5 22. Be2 Rxh1 23. Nxh1 Nc4 24. Bf2 Nd7 25. d5 cxd5 26. exd5 exd5 27.
Kd4 Nf6 28. Bh4 Ke7 29. Ng3 Ke6 30. Bd3 Nd6 31. f4 Nfe4 32. Nxe4 dxe4 33. Bxe4
Nf5+ 34. Bxf5+ Kxf5 35. Ke3 Rc8 36. Be1 Re8+ 37. Kf2 Kxf4 38. Bd2+ Ke4 39. Be3
Rd8 40. Bc5 Rd2+ 41. Kg3 Rd3+ 0-1

[Event "Tradewise Gibraltar 2012 - Challenger B"]
[Site "Gibraltar ENG"]
[Date "2012.01.29"]
[Round "2.20"]
[White "Heaton, Paul"]
[Black "Peredy, Ferenc"]
[Result "1-0"]
[WhiteElo "1998"]
[BlackElo "2180"]
[PlyCount "107"]
[EventDate "2012.01.28"]
[EventType "swiss"]
[EventRounds "5"]
[EventCountry "ENG"]
[Source "lmi"]
[SourceDate "2012.01.28"]

1. c4 b6 2. Nf3 Bb7 3. Nc3 c5 4. e4 g6 5. g3 Bg7 6. d3 Nc6 7. Bg2 d6 8. O-O e6
9. Be3 Nge7 10. Qd2 O-O 11. Bh6 a6 12. Bxg7 Kxg7 13. d4 cxd4 14. Nxd4 Qc7 15.
Rac1 Na5 16. b3 Rad8 17. Bh3 Bc8 18. f4 Ng8 19. f5 Rfe8 20. Rf2 Nc6 21. Nxc6
Qxc6 22. Qd4+ e5 23. Qd5 Qc7 24. fxg6 hxg6 25. Bxc8 Rxc8 26. Rcf1 Rf8 27. Nd1
Qe7 28. Ne3 Rc5 29. Qd3 Qe6 30. Nd5 b5 31. cxb5 axb5 32. a4 bxa4 33. bxa4 Qd7
34. Qb3 Qc6 35. Rxf7+ Rxf7 36. Rxf7+ Kh8 37. Rc7 Qe8 38. Rxc5 dxc5 39. a5 Qc6
40. Qb8 Qa4 41. Qxe5+ Kh7 42. Qc7+ Kh6 43. Qxc5 Qd1+ 44. Kg2 Qe2+ 45. Qf2 Qxe4+
46. Qf3 Qc2+ 47. Kh3 Qc8+ 48. g4 Qa6 49. g5+ Kh7 50. Nf6+ Nxf6 51. gxf6 Kg8 52.
Qb3+ Kf8 53. Qb8+ Kf7 54. Qc7+ 1-0

[Event "Tradewise Gibraltar 2012 - Challenger B"]
[Site "Gibraltar ENG"]
[Date "2012.01.29"]
[Round "2.21"]
[White "Norman, Kenneth I"]
[Black "Bucknell, Malcolm Gordon"]
[Result "1-0"]
[WhiteElo "2174"]
[BlackElo "1937"]
[PlyCount "89"]
[EventDate "2012.01.28"]
[EventType "swiss"]
[EventRounds "5"]
[EventCountry "ENG"]
[Source "lmi"]
[SourceDate "2012.01.28"]

1. Nf3 Nf6 2. c4 c5 3. g3 Nc6 4. Bg2 e5 5. Nc3 d6 6. O-O Be7 7. d3 h6 8. Rb1
O-O 9. a3 a5 10. Ne1 Rb8 11. Nc2 Be6 12. Ne3 Nd4 13. Ned5 Nxd5 14. cxd5 Bd7 15.
e3 Nb5 16. Ne2 a4 17. f4 exf4 18. Nxf4 Nc7 19. e4 b5 20. Be3 b4 21. d4 bxa3 22.
bxa3 Rxb1 23. Qxb1 cxd4 24. Bxd4 Nb5 25. Bb2 Bf6 26. Bxf6 Qxf6 27. Ne6 Qc3 28.
Nxf8 Kxf8 29. Rf3 Qc5+ 30. Kh1 Nd4 31. Rd3 Nb3 32. Qb2 Ke7 33. e5 Bf5 34. Rf3
Be4 35. exd6+ Kxd6 36. Rxf7 Bxg2+ 37. Qxg2 Qxa3 38. Qe4 Nc5 39. Qd4 Qc1+ 40.
Kg2 Qc2+ 41. Kh3 Nd3 42. Qb6+ Kxd5 43. Rd7+ Ke5 44. Qd4+ Ke6 45. Qd5+ 1-0

[Event "Tradewise Gibraltar 2012 - Challenger B"]
[Site "Gibraltar ENG"]
[Date "2012.01.29"]
[Round "2.22"]
[White "Erdelyi, Tamas Dr"]
[Black "Gravett, Alan David"]
[Result "1-0"]
[WhiteElo "2157"]
[BlackElo "1931"]
[PlyCount "97"]
[EventDate "2012.01.28"]
[EventType "swiss"]
[EventRounds "5"]
[EventCountry "ENG"]
[Source "lmi"]
[SourceDate "2012.01.28"]

1. c4 d6 2. g3 g6 3. Bg2 Bg7 4. Nc3 c5 5. Nf3 Nf6 6. d4 O-O 7. O-O Nc6 8. d5
Na5 9. Nd2 a6 10. Qc2 Rb8 11. b3 b5 12. Rb1 bxc4 13. bxc4 Rxb1 14. Qxb1 Bd7 15.
h3 Qb8 16. Ba3 Bh6 17. f4 Bg7 18. Qd3 Ne8 19. Rb1 Qc8 20. g4 f5 21. g5 Qd8 22.
Bb2 Nc7 23. Nd1 Bxb2 24. Rxb2 e5 25. dxe6 Nxe6 26. Qxd6 Bc8 27. Qxd8 Rxd8 28.
Bd5 Kf8 29. e3 Nc7 30. Nc3 Nxd5 31. Nxd5 Be6 32. Nf6 Nxc4 33. Nxh7+ Kg7 34.
Rb7+ Rd7 35. Rxd7+ Bxd7 36. Nxc4 Kxh7 37. Nd2 Be6 38. a3 c4 39. Nb1 Kg7 40. Kf2
Bd5 41. Nc3 Bc6 42. Ke2 Kf7 43. Kd2 Ke6 44. h4 Kd6 45. Ne2 Bb5 46. Kc3 Kd5 47.
Ng3 Be8 48. h5 gxh5 49. Nxf5 1-0

[Event "Tradewise Gibraltar 2012 - Challenger B"]
[Site "Gibraltar ENG"]
[Date "2012.01.29"]
[Round "2.23"]
[White "Suez-Panama, Gilles"]
[Black "Wihlborn, Bengt"]
[Result "0-1"]
[WhiteElo "2034"]
[BlackElo "1866"]
[PlyCount "74"]
[EventDate "2012.01.28"]
[EventType "swiss"]
[EventRounds "5"]
[EventCountry "ENG"]
[Source "lmi"]
[SourceDate "2012.01.28"]

1. d4 c5 2. d5 e5 3. Nc3 d6 4. e4 Be7 5. Bd3 Bg5 6. Nf3 Bxc1 7. Qxc1 a6 8. a4
Nf6 9. O-O Nbd7 10. Nd2 Nf8 11. Nc4 Ng6 12. g3 Bh3 13. Re1 h5 14. Bf1 Bxf1 15.
Rxf1 h4 16. Ne3 Qd7 17. Nf5 O-O-O 18. Qe3 Rh5 19. f3 hxg3 20. hxg3 Rdh8 21. Ne2
Ne7 22. Nxe7+ Qxe7 23. Kf2 g5 24. g4 Rh2+ 25. Ke1 Kb8 26. Kd2 Qc7 27. a5 Qd7
28. c4 R8h3 29. Rg1 Qd8 30. Kd1 Qh8 31. Ra3 Qh4 32. Kc1 Rf2 33. Kb1 Rhh2 34.
Re1 Rxf3 35. Qxf3 Qxe1+ 36. Nc1 Rh1 37. Rc3 Nxe4 0-1

[Event "Tradewise Gibraltar 2012 - Challenger B"]
[Site "Gibraltar ENG"]
[Date "2012.01.29"]
[Round "2.25"]
[White "Rowe, Duane"]
[Black "Rodriguez Gonzalez, Alex"]
[Result "1-0"]
[WhiteElo "2236"]
[BlackElo "2002"]
[PlyCount "43"]
[EventDate "2012.01.28"]
[EventType "swiss"]
[EventRounds "5"]
[EventCountry "ENG"]
[Source "lmi"]
[SourceDate "2012.01.28"]

1. e4 c5 2. Nc3 a6 3. g3 b5 4. Bg2 Bb7 5. Nge2 Nf6 6. O-O b4 7. Nd5 e6 8. Nxf6+
gxf6 9. Nf4 a5 10. Re1 d6 11. Qh5 e5 12. Nd5 Nd7 13. Bh3 Bxd5 14. exd5 Qe7 15.
a3 Nb6 16. d3 Nxd5 17. Qf3 Nc7 18. Qc6+ Kd8 19. axb4 cxb4 20. Be3 Qe8 21. Qb7
Qb5 22. Bb6 1-0

[Event "Tradewise Gibraltar 2012 - Challenger B"]
[Site "Gibraltar ENG"]
[Date "2012.01.29"]
[Round "2.26"]
[White "Campbell, Ian"]
[Black "Adler, Bo"]
[Result "0-1"]
[WhiteElo "2001"]
[BlackElo "2167"]
[PlyCount "70"]
[EventDate "2012.01.28"]
[EventType "swiss"]
[EventRounds "5"]
[EventCountry "ENG"]
[Source "lmi"]
[SourceDate "2012.01.28"]

1. d4 Nf6 2. Nf3 g6 3. Bf4 Bg7 4. e3 O-O 5. Nbd2 d6 6. h3 Nc6 7. Be2 Qe8 8. Bh2
e5 9. dxe5 dxe5 10. c3 Qe7 11. O-O a6 12. Qc2 Nd5 13. Rfe1 Be6 14. Rad1 Nb6 15.
Bf1 f5 16. e4 f4 17. Nb3 g5 18. Nfd2 h5 19. f3 Rf6 20. Be2 Kh7 21. Rf1 Rh8 22.
Rf2 Kg8 23. Nf1 Bf8 24. Nbd2 Rfh6 25. b4 Qh7 26. a3 g4 27. fxg4 hxg4 28. Bxg4
Bxg4 29. hxg4 Rxh2 30. Nxh2 Qxh2+ 31. Kf1 Qg3 32. Qb3+ Kg7 33. Nf3 Be7 34. g5
Bxg5 35. Nxg5 Rh1+ 0-1

[Event "Tradewise Gibraltar 2012 - Challenger B"]
[Site "Gibraltar ENG"]
[Date "2012.01.29"]
[Round "2.27"]
[White "Mihajlov, Sebastian"]
[Black "Samu, Sorin-Mihai"]
[Result "0-1"]
[WhiteElo "1974"]
[BlackElo "2156"]
[PlyCount "114"]
[EventDate "2012.01.28"]
[EventType "swiss"]
[EventRounds "5"]
[EventCountry "ENG"]
[Source "lmi"]
[SourceDate "2012.01.28"]

1. d4 e6 2. c4 d5 3. Nc3 c6 4. e3 f5 5. Nf3 Nf6 6. Bd3 Bd6 7. O-O O-O 8. b3 Ne4
9. Qc2 Nd7 10. a4 Rf6 11. Ba3 Bxa3 12. Rxa3 Qe7 13. Raa1 Rh6 14. g3 g5 15. Bxe4
fxe4 16. Ne5 Nxe5 17. dxe5 Qg7 18. f4 exf3 19. Rxf3 Qxe5 20. Raf1 Bd7 21. Qd3
Rg6 22. Rd1 Re8 23. e4 Re7 24. cxd5 exd5 25. exd5 Bg4 26. d6 Rxd6 27. Qxd6 Qxd6
28. Rxd6 Bxf3 29. Kf2 g4 30. h3 Rf7 31. hxg4 Bxg4+ 32. Kg2 Kf8 33. Rd3 Ke7 34.
b4 b6 35. Rd4 h5 36. Re4+ Kd7 37. Rd4+ Kc7 38. Rc4 Kb7 39. Rd4 Rf3 40. Ne4 Ra3
41. Nd6+ Kb8 42. b5 c5 43. Rf4 Ra2+ 44. Kg1 Kc7 45. Ne8+ Kd8 46. Nd6 Bd1 47.
Rf7 Rd2 48. Nc4 Rd4 49. Ne5 Bxa4 50. Rxa7 Bxb5 51. Rb7 Rd5 52. Rxb6 Rxe5 53.
Rxb5 Kc7 54. Kf2 Kc6 55. Rb8 Kd5 56. Rd8+ Kc4 57. Rc8 Kd4 0-1

[Event "Tradewise Gibraltar 2012 - Challenger B"]
[Site "Gibraltar ENG"]
[Date "2012.01.29"]
[Round "2.28"]
[White "Wiedersich, Jens"]
[Black "Iasman, Inna"]
[Result "1-0"]
[WhiteElo "2139"]
[BlackElo "1951"]
[PlyCount "109"]
[EventDate "2012.01.28"]
[EventType "swiss"]
[EventRounds "5"]
[EventCountry "ENG"]
[Source "lmi"]
[SourceDate "2012.01.28"]

1. d4 d5 2. c4 c6 3. Nf3 Nf6 4. g3 Bf5 5. Nc3 e6 6. cxd5 exd5 7. Bg2 Bd6 8. O-O
O-O 9. a3 a5 10. Nh4 Be6 11. Qc2 Nbd7 12. Na4 Re8 13. Re1 Nf8 14. Nc5 Bc8 15.
Bg5 h6 16. Bd2 Ne6 17. Nxe6 Bxe6 18. b4 axb4 19. Bxb4 Bxb4 20. axb4 Qd7 21. Nf3
Bf5 22. Qb2 Qd6 23. b5 Rxa1 24. Rxa1 cxb5 25. Qxb5 Qd7 26. Qb2 b5 27. Ne5 Qb7
28. Qb4 Rc8 29. Bf1 Nd7 30. Nxd7 Bxd7 31. e3 Ra8 32. Rb1 Rb8 33. Bd3 g6 34. h4
h5 35. Re1 Bc6 36. f3 Qc7 37. Kg2 Ra8 38. Re2 Ra4 39. Qc5 Qb7 40. Rc2 Bd7 41.
Qd6 Ra6 42. Rc7 Rxd6 43. Rxb7 Kg7 44. Kf2 Kf6 45. Bxb5 Bxb5 46. Rxb5 Ke6 47.
Rb4 Kf5 48. Rb5 Ke6 49. g4 hxg4 50. fxg4 f6 51. Rb7 f5 52. g5 Rd7 53. Rxd7 Kxd7
54. Kg3 Kd6 55. h5 1-0

[Event "Tradewise Gibraltar 2012 - Challenger B"]
[Site "Gibraltar ENG"]
[Date "2012.01.29"]
[Round "2.29"]
[White "Helin, Mikael"]
[Black "Gieritz, Dietmar"]
[Result "0-1"]
[WhiteElo "1935"]
[BlackElo "2134"]
[PlyCount "58"]
[EventDate "2012.01.28"]
[EventType "swiss"]
[EventRounds "5"]
[EventCountry "ENG"]
[Source "lmi"]
[SourceDate "2012.01.28"]

1. e4 e6 2. Nf3 d5 3. e5 c5 4. b4 cxb4 5. d4 Nc6 6. a3 bxa3 7. c3 f6 8. Bd3
fxe5 9. dxe5 g6 10. h4 Bg7 11. Bf4 Nge7 12. h5 O-O 13. g3 Qb6 14. Rh2 Bd7 15.
Nxa3 Rac8 16. Nc2 Qc5 17. Ra3 Nf5 18. hxg6 hxg6 19. g4 Nfe7 20. Bg3 a6 21. Rb3
Na5 22. Bxg6 Nxb3 23. c4 Nxg6 24. Ne3 Qb4+ 25. Kf1 Rxf3 26. Kg2 Rxe3 27. Qb1
Rxg3+ 28. fxg3 Qxc4 29. Kh3 Nxe5 0-1

[Event "Tradewise Gibraltar 2012 - Challenger B"]
[Site "Gibraltar ENG"]
[Date "2012.01.29"]
[Round "2.30"]
[White "Kandic, Milan"]
[Black "Dennis, Nigel W"]
[Result "0-1"]
[WhiteElo "2131"]
[BlackElo "1923"]
[PlyCount "115"]
[EventDate "2012.01.28"]
[EventType "swiss"]
[EventRounds "5"]
[EventCountry "ENG"]
[Source "lmi"]
[SourceDate "2012.01.28"]

1. d4 Nf6 2. Nf3 g6 3. Nc3 Bg7 4. e4 d6 5. Be2 O-O 6. O-O Nbd7 7. h3 c5 8. Be3
cxd4 9. Nxd4 a6 10. f4 Qc7 11. Qd2 b5 12. f5 Bb7 13. fxg6 hxg6 14. Bf3 Nc5 15.
Bh6 Ncxe4 16. Nxe4 Nxe4 17. Bxe4 Bxe4 18. Bxg7 Kxg7 19. Rae1 d5 20. Qg5 Rh8 21.
Rf2 Rh5 22. Qe3 Qe5 23. Ref1 f6 24. c3 Rah8 25. Ne2 Rh4 26. Rf4 Qg5 27. Qg3
Rxf4 28. Rxf4 Qxg3 29. Nxg3 Bb1 30. Rd4 Bxa2 31. Kf2 e5 32. Rd1 Bc4 33. Ra1 Ra8
34. h4 a5 35. h5 a4 36. Ke3 gxh5 37. Nxh5+ Kg6 38. Rh1 Rh8 39. g4 Kg5 40. Rg1
Rh6 41. Ng7 Rh3+ 42. Kd2 Rh2+ 43. Kc1 d4 44. Nf5 dxc3 45. bxc3 a3 46. Kb1 Rf2
47. Ne3 Bd3+ 48. Ka1 Kf4 49. Nd5+ Kf3 50. Nxf6 e4 51. g5 e3 52. Ng4 Rf1+ 53.
Rxf1+ Bxf1 54. Nxe3 Kxe3 55. Ka2 Kd3 56. g6 Kxc3 57. g7 Bc4+ 58. Kxa3 0-1

[Event "Tradewise Gibraltar 2012 - Challenger B"]
[Site "Gibraltar ENG"]
[Date "2012.01.29"]
[Round "2.31"]
[White "Mihajlov, Svetoslav"]
[Black "Livesey, R Nigel"]
[Result "1-0"]
[WhiteElo "2101"]
[BlackElo "1907"]
[PlyCount "67"]
[EventDate "2012.01.28"]
[EventType "swiss"]
[EventRounds "5"]
[EventCountry "ENG"]
[Source "lmi"]
[SourceDate "2012.01.28"]

1. e4 d6 2. d4 g6 3. Nc3 Bg7 4. f4 Nf6 5. Nf3 O-O 6. e5 dxe5 7. fxe5 Nd5 8. Bc4
c6 9. O-O h6 10. Ne4 b6 11. c3 Be6 12. Bd3 Qc8 13. Qe1 c5 14. Bd2 c4 15. Bc2
Nc6 16. Qh4 h5 17. Nfg5 Bf5 18. Rxf5 Qxf5 19. Nf6+ exf6 20. Bxf5 fxg5 21. Qe4
Rad8 22. Bc8 Rxc8 23. Qxd5 Rfd8 24. Qe4 Nxe5 25. Bxg5 f6 26. Bxf6 Bxf6 27. dxe5
Bg7 28. Qxg6 Re8 29. e6 Re7 30. Re1 Rc5 31. Rd1 Rc8 32. Rd7 Rce8 33. Qf7+ Rxf7
34. exf7+ 1-0

[Event "Tradewise Gibraltar 2012 - Challenger B"]
[Site "Gibraltar ENG"]
[Date "2012.01.29"]
[Round "2.32"]
[White "Jablon, Stephen"]
[Black "Baeza Escudero, Javier"]
[Result "1-0"]
[WhiteElo "1931"]
[BlackElo "2054"]
[PlyCount "93"]
[EventDate "2012.01.28"]
[EventType "swiss"]
[EventRounds "5"]
[EventCountry "ENG"]
[Source "lmi"]
[SourceDate "2012.01.28"]

1. d4 d5 2. Nc3 Nf6 3. Bg5 e6 4. e4 dxe4 5. Nxe4 Be7 6. Bxf6 Bxf6 7. Nf3 O-O 8.
Qd2 b6 9. O-O-O Bb7 10. Qf4 Nd7 11. Bd3 Rc8 12. Nfg5 Bxe4 13. Nxe4 Qe7 14. Ba6
Rcd8 15. Qxc7 Qb4 16. Kb1 Be7 17. Rd3 f5 18. Ng3 Bf6 19. c3 Qa5 20. Bc4 Kh8 21.
Bxe6 Nc5 22. Re3 f4 23. dxc5 fxe3 24. fxe3 Qa4 25. Bb3 Qe8 26. cxb6 axb6 27.
Qxb6 Rd2 28. Qe6 Qb5 29. Qc4 Qe5 30. Ne4 Rxg2 31. Qd5 Qb8 32. Nd6 Qc7 33. Qxg2
Qxd6 34. Rd1 Qe5 35. Bc2 Rb8 36. Bb3 Qxe3 37. Qg3 Qb6 38. Rd6 Qb7 39. Qe1 Qf3
40. Qd1 Qf4 41. Bc2 Qxh2 42. Rd2 Qe5 43. Rd3 Qb5 44. Bb3 g6 45. Ka1 Rb7 46. Rd5
Qc6 47. Rd6 1-0

[Event "Tradewise Gibraltar 2012 - Challenger B"]
[Site "Gibraltar ENG"]
[Date "2012.01.29"]
[Round "2.33"]
[White "Whitehead, David J"]
[Black "Hansen, Henrik Damgaard"]
[Result "1-0"]
[WhiteElo "2041"]
[BlackElo "1859"]
[PlyCount "63"]
[EventDate "2012.01.28"]
[EventType "swiss"]
[EventRounds "5"]
[EventCountry "ENG"]
[Source "lmi"]
[SourceDate "2012.01.28"]

1. e4 g6 2. d4 Bg7 3. Nc3 d6 4. Be3 a6 5. Qd2 b5 6. f3 Nd7 7. a4 b4 8. Nd5 a5
9. c3 e6 10. Nf4 c5 11. Bb5 cxd4 12. cxd4 Ba6 13. Bxa6 Rxa6 14. Nge2 Ne7 15.
O-O O-O 16. Rac1 Qb8 17. Qd3 Ra8 18. b3 g5 19. Nh5 h6 20. Nxg7 Kxg7 21. f4 f6
22. fxg5 fxg5 23. h4 Rxf1+ 24. Rxf1 gxh4 25. Nf4 Nf8 26. Nh5+ Kh8 27. Bxh6 Nfg6
28. Bg7+ Kg8 29. Qf3 Nh8 30. Bxh8 Kxh8 31. Qf6+ Kg8 32. Qg7# 1-0

[Event "Tradewise Gibraltar 2012 - Challenger B"]
[Site "Gibraltar ENG"]
[Date "2012.01.29"]
[Round "2.34"]
[White "Serarols Mabras, Bernat"]
[Black "Taylor-Bowd, Philip J"]
[Result "1/2-1/2"]
[WhiteElo "1914"]
[BlackElo "2031"]
[PlyCount "78"]
[EventDate "2012.01.28"]
[EventType "swiss"]
[EventRounds "5"]
[EventCountry "ENG"]
[Source "lmi"]
[SourceDate "2012.01.28"]

1. d4 d6 2. Nf3 Nf6 3. c4 g6 4. Nc3 Bf5 5. Bg5 Ne4 6. Nxe4 Bxe4 7. e3 Bg7 8.
Bd3 Bxd3 9. Qxd3 c5 10. O-O Nc6 11. d5 Nb4 12. Qd2 O-O 13. a3 Na6 14. e4 Nc7
15. Bh6 Qd7 16. Bxg7 Kxg7 17. Rfe1 b5 18. Qc3+ Kg8 19. b4 cxb4 20. axb4 bxc4
21. Qxc4 Nb5 22. Ra5 Rab8 23. Nd4 Nxd4 24. Qxd4 Rb7 25. Rea1 Rc8 26. g3 Rcc7
27. Kg2 f6 28. R1a3 Kg7 29. h3 Kg8 30. g4 h6 31. Kg3 Kg7 32. f3 Kf7 33. Ra2 Kg7
34. h4 Kf7 35. R2a4 Kg7 36. Ra2 Kf7 37. Ra1 Kg7 38. R5a2 Kf7 39. g5 h5 1/2-1/2

[Event "Tradewise Gibraltar 2012 - Challenger B"]
[Site "Gibraltar ENG"]
[Date "2012.01.29"]
[Round "2.35"]
[White "Morenilla Rocher, Fernando"]
[Black "Carlsten, Peter"]
[Result "1-0"]
[WhiteElo "1853"]
[BlackElo "2030"]
[PlyCount "101"]
[EventDate "2012.01.28"]
[EventType "swiss"]
[EventRounds "5"]
[EventCountry "ENG"]
[Source "lmi"]
[SourceDate "2012.01.28"]

1. e4 c5 2. Nf3 Nc6 3. d4 cxd4 4. Nxd4 g6 5. f4 Bg7 6. Nf3 d6 7. c3 Nf6 8. Nbd2
O-O 9. Bd3 Qb6 10. Nc4 Qc7 11. h3 Be6 12. Na3 a6 13. Be3 b5 14. Nc2 Nd7 15.
Ncd4 Nc5 16. Nxe6 Nxe6 17. O-O b4 18. Qa4 bxc3 19. bxc3 Na5 20. Rac1 Nc5 21.
Qc2 Nxd3 22. Qxd3 Nc4 23. Bd4 e5 24. fxe5 dxe5 25. Bf2 Rfd8 26. Qe2 Bh6 27. Rb1
Rdb8 28. Rb4 Rc8 29. Rfb1 Qc6 30. Kh1 Bf8 31. R4b3 a5 32. Rb5 Na3 33. Nxe5 Qe6
34. Bd4 Nxb1 35. Rxb1 Rab8 36. Rf1 Rb7 37. Qf2 Bg7 38. Ng4 h5 39. Bxg7 hxg4 40.
Bd4 gxh3 41. Qh4 hxg2+ 42. Kxg2 Kf8 43. Bf6 Ke8 44. Rd1 Rb2+ 45. Kg1 Qb6+ 46.
Kh1 Qc5 47. Qh8+ Qf8 48. Qh3 Qc5 49. Qd7+ Kf8 50. Qd8+ Rxd8 51. Rxd8# 1-0

[Event "Tradewise Gibraltar 2012 - Challenger B"]
[Site "Gibraltar ENG"]
[Date "2012.01.29"]
[Round "2.36"]
[White "Campos Calvo-Sotelo, Juan"]
[Black "Hadrych, Craig"]
[Result "0-1"]
[WhiteElo "2028"]
[BlackElo "1821"]
[PlyCount "82"]
[EventDate "2012.01.28"]
[EventType "swiss"]
[EventRounds "5"]
[EventCountry "ENG"]
[Source "lmi"]
[SourceDate "2012.01.28"]

1. b4 d5 2. e3 Nf6 3. Bb2 e6 4. a3 c5 5. Bb5+ Nc6 6. bxc5 Bxc5 7. Nf3 O-O 8.
O-O a6 9. Bxc6 bxc6 10. Nc3 Rb8 11. Rb1 Bd6 12. Ne2 Nd7 13. Ng3 Nc5 14. Nd4 Qc7
15. Nh5 e5 16. Nb3 Bf5 17. Nxc5 Bxc5 18. f4 Qd7 19. h3 d4 20. Kh2 f6 21. Ng3
Be6 22. fxe5 fxe5 23. Rxf8+ Rxf8 24. exd4 Bxd4 25. Bxd4 exd4 26. Ne4 c5 27. Kg1
Qc6 28. d3 Bd5 29. Qg4 h6 30. Re1 c4 31. Qg3 cxd3 32. cxd3 Bxe4 33. Rxe4 Qc1+
34. Kh2 Rf1 35. Qb8+ Kh7 36. Qe5 Rh1+ 37. Kg3 Rf1 38. Rxd4 Qxa3 39. Rd7 Qf8 40.
Ra7 Qf2+ 41. Kh2 Qxa7 0-1